Car logo Quiz! - Statistics

General Stats
  • This quiz has been taken 34 times
  • The average score is 5 of 16
Answer Stats
Hint Answer % Correct
B Bmw
58%
J Jaguar
58%
F Ford
54%
T Toyota
42%
R Renault
38%
C Cadillac
33%
D Dodge
33%
A Acura
29%
L Lexus
29%
I Infiniti
21%
P Peugeot
21%
J2 Jeep
17%
9 9FF
13%
S Saturn
8%
G Great Wall
0%
K Koeingsegg
0%
No matching quizzes found
Score Distribution
Percent of People with Each Score
Percentile by Number Answered
Your Score History
You have not taken this quiz